| 000 | 01928nam2a22002651 4500 | ||
|---|---|---|---|
| 001 | v19\rc\1214982 | ||
| 005 | 20250630114812.0 | ||
| 035 | _a(NLR Aleph) 004378148 | ||
| 090 |
_a3589911 _c3589911 |
||
| 100 | _a20060306d1869 |||y0rusy50 ca | ||
| 101 | 0 | _arus | |
| 102 | _aRU | ||
| 105 | _ay z ||||| | ||
| 200 | 1 | _a[Читан в заседании Славянского благотворительного комитета в Москве 26-го марта и дополнен сведениями по 6-е апреля] | |
| 210 | _dценз. 1869 | ||
| 215 | _a38 с. | ||
| 327 | 0 | _aС 1-22: заседание славянского благотворительного комитета 26-го марта 1869 г. | |
| 461 | 0 |
_1001v19\rc\1214981 _12001#$aОтчет о деятельности Петроградского славянского благотворительного общества...$v... к 11 мая 1869 года...$90 _93589901 _aПетербургское славянское благотворительное общество _cПетроград _d1872-1915 _p14 с. _tОтчет о деятельности Петроградского славянского благотворительного общества... _v... к 11 мая 1869 года...$90 |
|
| 464 | 0 |
_12001#$aЗаседание славянского благотворительного комитета 26-го марта 1869 г. _1215##$aС. 1-22 _tЗаседание славянского благотворительного комитета 26-го марта 1869 г. |
|
| 540 | 1 | 2 | _aЧитан в заседании Славянского благотворительного комитета в Москве 26-го марта и дополнен сведениями по 6-е апреля |
| 801 | 0 |
_aRU _bNLR _gpsbo |
|
| 801 | 1 |
_aRU _bProSoft-M _2rusmarc |
|
| 852 |
_aNLR _j18.125.6.57 |
||
| 942 | _cBOOK | ||
| 980 | _aNB | ||